• 首页
  • 本馆介绍
  • 公告通知
  • 最新文献
  • 馆藏检索
  • 电子资源
  • 读者导购
  • 参考咨询
  • 我的图书馆
  • 登录
  • 详细信息显示
  • 放入我的书架
  • 预约/预借图书
  • 作者相关作品
  • 分类相关作品
  • 丛书相关作品
  • 出版社相关作品

书目信息

  • 表格格式
  • 工作单格式
  • 卡片格式
题名:
广播电视基础知识
    
 
作者: 王蓓 主编 ;广播影视业务教育培训丛书编写组 编
分册:  
出版信息: 北京   中国国际广播出版社  2016.08
页数: 255页
开本: 23cm
丛书名: 广播影视业务教育培训丛书
单 册:
中图分类: G22
科图分类:
主题词: 广播工作--业务培训--教材 , 电视工作--业务培训--教材
电子资源:
ISBN: 978-7-5078-3891-6
000 01310nam0 2200277 450
001 4703
005 20181012162435.57
010    @a978-7-5078-3891-6@dCNY40.00
100    @a20161019d2016 em y0chiy50 ea
101 0  @achi
102    @aCN@b110000
105    @ay z 000yy
200 1  @a广播电视基础知识@9guang bo dian shi ji chu zhi shi@e2016-2017@dBroadcasting & television@e2016-2017@zeng@f王蓓主编@g广播影视业务教育培训丛书编写组编
210    @a北京@c中国国际广播出版社@d2016.08
215    @a255页@d23cm
225 1  @a广播影视业务教育培训丛书
330    @a全书分为三部分:第一部分马克思主义新闻观和中国社会主义新闻事业的方针原则,第二部分新闻工作者职业道德,第三部分广播电视常识。每一部分知识点都紧扣考试大纲的要求。知识点包括:马克思主义新闻观、新闻工作的党性原则、舆论监督、“三贴近”原则、新闻真实性原则、新闻工作者职业道德的本质特征、广播电视的传播特点、广播电视新闻的语言表达等等。
461  0 @12001 @a广播影视业务教育培训丛书
510 1  @aBroadcasting & television@e2016-2017@zeng
606 0  @a广播工作@x业务培训@j教材
606 0  @a电视工作@x业务培训@j教材
690    @aG22@v5
701  0 @a王蓓@9wang bei@4主编
712 02 @a广播影视业务教育培训丛书编写组@9guang bo ying shi ye wu jiao yu pei xun cong shu bian xie zu@4编
801  0 @aCN@b91MARC@c20161019
905    @aMuseLib@dG22@e215
    
    广播电视基础知识:2016-2017=Broadcasting & television:2016-2017/王蓓主编/广播影视业务教育培训丛书编写组编.-北京:中国国际广播出版社,2016.08
    255页;23cm.-(广播影视业务教育培训丛书)
    
    
    ISBN 978-7-5078-3891-6:CNY40.00
    全书分为三部分:第一部分马克思主义新闻观和中国社会主义新闻事业的方针原则,第二部分新闻工作者职业道德,第三部分广播电视常识。每一部分知识点都紧扣考试大纲的要求。知识点包括:马克思主义新闻观、新闻工作的党性原则、舆论监督、“三贴近”原则、新闻真实性原则、新闻工作者职业道德的本质特征、广播电视的传播特点、广播电视新闻的语言表达等等。
●
相关链接 在E读中查询图书 在五车中查询图书 在当当中查询图书 在豆瓣中查询图书


正题名:广播电视基础知识     索取号:G22/215         预约/预借

序号 登录号 条形码 馆藏地/架位号 状态 备注
1 1126245   211262453   第一样本阅览室/ [索取号:G22/215] 在馆    
2 1126246   211262462   第四借阅区/ [索取号:G22/215] 在馆    
3 1126247   211262471   第四借阅区/ [索取号:G22/215] 在馆    
4 1126248   211262480   密集书库-物理学院/ [索取号:G22/215] 在馆    
唐山师范学院图书馆 欢迎您!
大连网信软件有限公司© 版权所有